Ciencia y tecnología en América Latina en el siglo XXI

Sábháilte in:
Sonraí bibleagrafaíochta
Údar corparáideach: Consejo Nacional de Investigaciones Científicas y Tecnológicas
Formáid: Anaithnid
Foilsithe / Cruthaithe: San José: El Consejo
Clibeanna: Cuir clib leis
Níl clibeanna ann, Bí ar an gcéad duine le clib a chur leis an taifead seo!

MARC

LEADER 00000 a2200000 04500
001 19508
003
008 991231s d
040
090 |a 023502  
110 |a Consejo Nacional de Investigaciones Científicas y Tecnológicas  
245 |a Ciencia y tecnología en América Latina en el siglo XXI  
260 |a San José:   |b El Consejo  
300 |a p. varia  
999 |c 15989  |d 15989